000 01459nam a22002417a 4500
001 47808
003 BD-RjUL
005 20211209054410.0
008 170119s1994 bg ||||| ||||o00| 0 ben d
020 _c: Tk. 156.00
035 _a(BD-RjUL)47927
040 _aBD-RjUL
_bben
_cBD-RjUL
_dBD-RjUL
041 _abeneng
082 _223
_a342.5492023
_bBAG 1994
110 1 _aবাংলাদেশ.
_bআইন, বিচার ও সংসদ বিষয়ক মন্ত্রণালয়
_9213686
245 _aগণপ্রজাতন্ত্রী বাংলাদেশের সংবিধান = The Constitution of the People's Republic of Bangladesh :
_b[১৯৯৪ সালের ৩০শে জুন পর্যন্ত সংশোধিত] = [As modified up to 30th june, 1994] /
_cবাংলাদেশ. আইন, বিচার ও সংসদ বিষয়ক মন্ত্রণালয়
260 _aঢাকা:
_bগভর্ণমেন্ট প্রিন্টিং প্রেস,
_c১৯৯৪
300 _a[২১], ১৮২, ৩ পৃ. ;
_c২৪ সেমি.
500 _a" মূল পাঠ্য সমান্তরাল দুই ভাষায় (বাংলা ও ইংরেজি) লিখিত"
650 _aসংবিধান
_zবাংলাদেশ
_y১৯৯৪
_9183475
650 _aConstitution
_zBangladesh
_y1994
_9183629
942 _2ddc
_cRAR
999 _c47808
_d47808